[Event "Live Chess"]
[Site "Chess.com"]
[Date "2020.04.11"]
[Round "1"]
[White "Pitz, Luc"]
[Black "Sauvage, Eric"]
[Result "1-0"]
[WhiteElo "1256"]
[BlackElo "1311"]
[WhiteCountry "bel"]
[BlackCountry "bel"]

{ Belle victoire de Luc contre Eric !!! } 
1. e4 c5 2. Nc3 d6 3. f4 g6 4. Bc4 
Bg7 5. Nf3 Nf6 6. O-O O-O 7. d3 Nc6 8. Qe1 Na5 9. Bb3 Nxb3 10. axb3 Bg4 11. 
Ng5 Bd7 12. f5 b5 13. Qh4 h6 14. Nf3 e6 15. Bxh6 exf5 16. Bxg7 Kxg7 17. e5 
dxe5 18. Nxe5 Qc7 19. Rae1 Rh8 20. Qg3 Rh5 21. Ne2 Rah8 22. Nf4 R5h6 23. Re3 
a5 24. Rfe1 Bc8 25. Nxf7 Qxf7 26. Re7 Nh5 27. Rxf7+ Kxf7 28. Nxh5 Rxh5 29. 
Qc7+ Kf6 30. Qe7# 1-0

[Event "Live Chess"]
[Site "Chess.com"]
[Date "2020.04.11"]
[Round "2"]
[White "Sauvage, Eric"]
[Black "Pitz, Luc"]
[Result "1-0"]
[WhiteElo "1372"]
[BlackElo "1203"]
[WhiteCountry "bel"]
[BlackCountry "bel"]

1. e4 c5 2. Nf3 Nc6 3. Bb5 Qc7 4. c4 a6 5. Bxc6 Qxc6 6. Nc3 Nf6 7. e5 Ng4 8. 
d4 e6 9. h3 cxd4 10. Qxd4 Bc5 11. Qxg4 O-O 12. Bh6 1-0

[Event "Live Chess"]
[Site "Chess.com"]
[Date "2020.04.12"]
[Round "1"]
[White "Morgenthal, Renaud"]
[Black "Nadin, Corinne"]
[Result "0-1"]
[WhiteElo "997"]
[BlackElo "1372"]
[WhiteCountry "bel"]
[BlackCountry "bel"]

1. e4 c6 2. d4 d5 3. exd5 cxd5 4. c4 Nf6 5. c5 Nc6 6. Bb5 Qa5+ 7. Nc3 Bg4 8. 
f3 Bd7 9. a3 e6 10. Ne2 a6 11. Bxc6 Bxc6 12. b4 Qd8 13. O-O Be7 14. Bf4 O-O 
15. Ng3 Qd7 16. Re1 a5 17. Qd3 axb4 18. axb4 Rxa1 19. Rxa1 Bd8 20. b5 Bc7 21. 
bxc6 Qxc6 22. Bxc7 Qxc7 23. Nb5 Qd7 24. Nd6 Ne8 25. Nxe8 Rxe8 26. Rb1 Ra8 27. 
Qb3 g6 28. Qxb7 Qa4 29. c6 Qxd4+ 30. Kf1 Qd3+ 31. Kf2 Ra2+ 32. Kg1 Qc2 33. 
Qb8+ Kg7 34. Qe5+ Kh6 35. Qf4+ Kg7 36. Qe5+ Kf8 37. Qh8+ Ke7 38. Rb7+ Kd6 39. 
Qd8+ Ke5 40. Qg5+ f5 41. f4+ Kd4 42. Qf6+ Kd3 43. Ne2 Qd1+ 0-1

[Event "Live Chess"]
[Site "Chess.com"]
[Date "2020.04.12"]
[Round "2"]
[White "Nadin, Corinne"]
[Black "Morgenthal, Renaud"]
[Result "0-1"]
[WhiteElo "1265"]
[BlackElo "1108"]
[WhiteCountry "bel"]
[BlackCountry "bel"]

1. d4 Nf6 2. c4 c5 3. d5 b5 4. cxb5 a6 5. Nc3 axb5 6. Nxb5 d6 7. Nc3 Ba6 8. 
g3 g6 9. Bg2 Bg7 10. Nf3 Nbd7 11. O-O O-O 12. Re1 Rb8 13. e4 Nb6 14. Qc2 Bc4 
15. b3 Ba6 16. Bb2 c4 17. Nd2 cxb3 18. axb3 Bc8 19. Nc4 Nxc4 20. bxc4 Bd7 21. 
Reb1 Qc7 22. Ne2 Bg4 23. f3 Bd7 24. Nd4 Nh5 25. Bf1 Qc5 26. Qd3 Rxb2 27. Rd1 
Rfb8 28. Kh1 Bxd4 29. Qxd4 Qxd4 30. Rxd4 Rb1 31. Rd1 Rxd1 32. Rxd1 Ba4 33. 
Ra1 Rb4 34. Be2 Nf6 35. Kg2 Nd7 36. Kf2 Nc5 37. Ke3 Rb3+ 38. Kd4 Rb2 39. Ke3 
Rb3+ 40. Kd4 Rb2 41. Ke3 Kf8 42. h3 e6 43. Bd1 Bxd1 44. Rxd1 Rb3+ 45. Kf2 Nd3+ 
46. Ke2 Ne5 47. dxe6 fxe6 48. Rxd6 Ke7 49. Rd4 Rb4 50. f4 Rxc4 51. Rxc4 Nxc4 
52. Kd3 Nd6 53. e5 Nf5 54. g4 Ng7 55. Ke4 Kd7 56. Kd4 Kc6 57. Ke4 Kc5 58. h4 
h6 59. g5 hxg5 60. hxg5 Kc4 61. Kf3 Kd5 62. Kg4 Ke4 63. Kh4 Kf5 64. Kg3 Ke4 
65. Kg4 Ke3 66. Kg3 Nh5+ 67. Kg4 Nxf4 68. Kh4 Ke4 0-1

[Event "Live Chess"]
[Site "Chess.com"]
[Date "2020.04.12"]
[Round "1"]
[White "Hubert, Rene"]
[Black "Marchal, Georges"]
[Result "1/2-1/2"]
[WhiteElo "1235"]
[BlackElo "1245"]
[WhiteCountry "bel"]
[BlackCountry "bel"]

1. e4 Nf6 2. e5 Nd5 3. d4 d6 4. Nf3 dxe5 5. c4 Nb6 6. Qd3 e6 7. dxe5 Qxd3 8. 
Bxd3 Nc6 9. a3 g6 10. O-O Bg7 11. Bf4 Na5 12. c5 Nd5 13. Bg3 Nb3 14. Ra2 Nxc5 
15. Bc4 c6 16. b4 Ne4 17. Re2 Nxg3 18. fxg3 b5 19. Bb3 O-O 20. Rc1 Bb7 21. 
Nd4 Bh6 22. Rcc2 Be3+ 23. Kf1 Bxd4 24. Bxd5 cxd5 25. Rc7 Rfc8 26. Rxb7 Rc1+ 
27. Re1 Rxe1+ 28. Kxe1 a6 29. Nd2 Bxe5 30. Nf3 Bb2 31. Ng5 Bxa3 32. Nxf7 Bxb4+ 
33. Kd1 Rf8 34. Nh6+ Kh8 35. Nf7+ Kg8 1/2-1/2

[Event "Live Chess"]
[Site "Chess.com"]
[Date "2020.04.12"]
[Round "2"]
[White "Marchal, Georges"]
[Black "Hubert, Rene"]
[Result "0-1"]
[WhiteElo "1202"]
[BlackElo "1272"]
[WhiteCountry "bel"]
[BlackCountry "bel"]

1. d4 Nf6 2. Nc3 g6 3. e4 c5 4. Be3 Bg7 5. Nf3 O-O 6. Qd2 cxd4 7. Nxd4 d6 8. 
Bh6 e5 9. Bxg7 Kxg7 10. Nf3 a6 11. Bc4 b5 12. Bb3 Bb7 13. Nd5 Nxe4 14. Qe3 
Nc5 15. O-O Nc6 16. Rad1 Nxb3 17. cxb3 Ne7 18. Nxe7 Qxe7 19. Rfe1 f6 20. Nd2 
d5 21. Nf3 Rae8 22. Nd4 Qd6 23. Nf3 d4 24. Nxd4 exd4 25. Qxe8 Rxe8 26. Rxe8 
Qc6 27. f3 Qxe8 0-1

[Event "Live Chess"]
[Site "Chess.com"]
[Date "2020.04.12"]
[Round "1"]
[White "Dans, Guy"]
[Black "Szigetvari, Andre"]
[Result "0-1"]
[WhiteElo "974"]
[BlackElo "1286"]
[WhiteCountry "bel"]
[BlackCountry "bel"]

1. e4 c5 2. Nf3 d6 3. c4 Nf6 4. Nc3 e6 5. d3 a6 6. Be2 Be7 7. O-O O-O 8. Re1 
Nc6 9. a3 b6 10. Be3 Qc7 11. b3 Bb7 12. d4 cxd4 13. Nxd4 Na5 14. f3 Bc6 15. 
Nxc6 Qxc6 16. Qc2 Nb7 17. Rad1 Rac8 18. Na4 b5 19. Nb2 Rfd8 20. Rc1 d5 21. 
exd5 exd5 22. Bf2 Bxa3 23. Bd4 Bc5 24. Qd3 Bxd4+ 25. Qxd4 dxc4 26. Qe3 Nd5 
27. Qg5 Qb6+ 28. Kf1 Ne3+ 29. Kg1 Nc2+ 30. Kf1 Nxe1 31. Rxe1 c3 32. Nd3 Nc5 
33. Nxc5 Qxc5 34. Qxc5 Rxc5 35. Rc1 Rd2 36. b4 Rc6 37. Ke1 Rb2 38. f4 Re6 39. 
Kd1 Rd2+ 0-1

[Event "Live Chess"]
[Site "Chess.com"]
[Date "2020.04.12"]
[Round "2"]
[White "Szigetvari, Andre"]
[Black "Dans, Guy"]
[Result "1/2-1/2"]
[WhiteElo "1212"]
[BlackElo "1005"]
[WhiteCountry "bel"]
[BlackCountry "bel"]

1. d4 Nf6 2. Bf4 d6 3. Nf3 Bg4 4. e3 e6 5. Bd3 Be7 6. O-O Nbd7 7. h3 Bxf3 8. 
Qxf3 e5 9. dxe5 dxe5 10. Bh2 Bd6 11. e4 Qe7 12. Nc3 O-O-O 13. a3 Kb8 14. b4 
a5 15. bxa5 Bxa3 16. Rfb1 Bc5 17. Ne2 Qd6 18. Rb5 Ba7 19. Rab1 Nc5 20. a6 b6 
21. g4 Nxd3 22. cxd3 Qxd3 23. Qxd3 Rxd3 24. Kg2 Rhd8 25. Bxe5 Rd2 26. Ng3 Re8 
27. Bf4 Nxe4 28. Re1 Rxf2+ 29. Kg1 Rxf4 30. Kg2 Rf2+ 31. Kg1 Rf4 32. Kg2 1/2-1/2

[Event "Live Chess"]
[Site "Chess.com"]
[Date "2020.04.13"]
[Round "3"]
[White "Morgenthal, Renaud"]
[Black "Sauvage, Eric"]
[Result "0-1"]
[WhiteElo "1084"]
[BlackElo "1398"]
[WhiteCountry "bel"]
[BlackCountry "bel"]

1. e4 c5 2. d4 cxd4 3. c3 dxc3 4. Nxc3 e6 5. Bc4 Ne7 6. Nf3 Ng6 7. O-O Be7 
8. Re1 a6 9. a3 O-O 10. Be3 b5 11. Bb3 Nc6 12. Rc1 Bb7 13. h3 Na5 14. Ba2 Rc8 
15. b3 Bxa3 16. Rc2 Bb4 17. Ree2 Rxc3 18. Rxc3 Bxc3 19. Bg5 Bf6 20. Bc1 d5 
21. e5 Be7 22. Qd2 Nc6 23. Bb2 Bb4 24. Bc3 Bxc3 25. Qxc3 Qa5 26. Qb2 Nf4 27. 
Re1 b4 28. Bb1 Ng6 29. Bxg6 hxg6 30. Ra1 Qc7 31. Rc1 Qe7 32. Qd2 f6 33. exf6 
gxf6 34. Qh6 Qg7 35. Qe3 e5 36. Qb6 Rc8 37. Nh4 Qc7 38. Qc5 Qd7 39. Nxg6 Nd4 
40. Ne7+ Kf7 41. Nxc8 Ne2+ 42. Kh2 Nxc1 43. Qxc1 Qxc8 44. Qh6 d4 45. Qh7+ Ke6 
46. g3 Qc6 47. Qg8+ Kd6 48. Qf8+ Kc7 49. Qf7+ Kb8 50. Qf8+ Ka7 51. Qb8+ Kxb8 
0-1

[Event "Live Chess"]
[Site "Chess.com"]
[Date "2020.04.13"]
[Round "4"]
[White "Sauvage, Eric"]
[Black "Morgenthal, Renaud"]
[Result "1-0"]
[WhiteElo "1417"]
[BlackElo "1066"]
[WhiteCountry "bel"]
[BlackCountry "bel"]

1. e4 e6 2. Nf3 d5 3. e5 c5 4. b4 cxb4 5. d4 Nc6 6. a3 bxa3 7. c3 a2 8. Rxa2 
Bd7 9. Bd3 Be7 10. O-O f6 11. h3 fxe5 12. Nxe5 Nxe5 13. dxe5 Qc7 14. Qh5+ Kd8 
15. Qf7 Nh6 16. Qxg7 Rg8 17. Qxh6 Qxe5 18. Bf4 Qg7 19. Qxg7 Rxg7 20. Be5 Rg5 
21. f4 Rg3 22. Rf3 Bc5+ 23. Bd4 Bxd4+ 24. cxd4 Rg7 25. g4 Rc8 26. Rc2 Rxc2 
27. Bxc2 a6 28. Kf2 b5 29. Ra3 Bc8 30. Ke3 Rc7 31. Rc3 Rg7 32. Nd2 h6 33. Nb3 
h5 34. g5 e5 35. dxe5 Bxh3 36. Kd4 Bg2 37. Rg3 Bh1 38. Rh3 Rc7 39. Nc5 Be4 
40. Bxe4 dxe4 41. Ne6+ Kd7 42. Nxc7 Kxc7 43. g6 1-0

[Event "Live Chess"]
[Site "Chess.com"]
[Date "2020.04.13"]
[Round "3"]
[White "Szigetvari, Andre"]
[Black "Marchal, Georges"]
[Result "0-1"]
[WhiteElo "1122"]
[BlackElo "1238"]
[WhiteCountry "bel"]
[BlackCountry "bel"]

1. e4 e5 2. f4 d5 3. exd5 e4 4. Bb5+ Bd7 5. Qe2 Nf6 6. Nc3 Bb4 7. Bxd7+ Qxd7 
8. Nxe4 Be7 9. Nxf6+ gxf6 10. c4 c6 11. d4 cxd5 12. c5 Nc6 13. Nf3 O-O 14. 
O-O Rfe8 15. Qd3 Bf8 16. Bd2 Re4 17. b4 a6 18. a4 Rae8 19. Rfe1 Qf5 20. Qc3 
Ne7 21. b5 Bh6 22. g3 Qg4 23. Kg2 Nf5 24. c6 bxc6 25. bxc6 Re2+ 26. Rxe2 Rxe2+ 
27. Kg1 Qh3 0-1

[Event "Live Chess"]
[Site "Chess.com"]
[Date "2020.04.13"]
[Round "4"]
[White "Marchal, Georges"]
[Black "Szigetvari, Andre"]
[Result "0-1"]
[WhiteElo "1195"]
[BlackElo "1216"]
[WhiteCountry "bel"]
[BlackCountry "bel"]

1. d4 d5 2. e4 dxe4 3. f3 e5 4. fxe4 Qxd4 5. Qxd4 exd4 6. Nf3 c5 7. Bb5+ Bd7 
8. Bxd7+ Nxd7 9. Nbd2 b5 10. b3 Bd6 11. a4 b4 12. Nc4 Bc7 13. Kf2 f6 14. g3 
Ne7 15. Bf4 Bxf4 16. gxf4 Nb6 17. Nfd2 Kd7 18. Nxb6+ axb6 19. Nc4 Kc6 20. Rhg1 
g6 21. Rae1 Rad8 22. Nb2 Rhf8 23. Nd3 Ra8 24. e5 f5 25. e6 Nd5 26. Ne5+ Kc7 
27. Kf3 Ne3 28. Re2 Kd6 29. Nc4+ Nxc4 30. bxc4 Rfe8 31. Rge1 Re7 32. Re5 Rae8 
33. Rd5+ Kc7 34. Rde5 Kd6 35. Rd5+ Kc6 36. Rde5 Ra8 37. Ra1 Kd6 38. Rd5+ Kxe6 
39. Re1+ Kf7 40. Rde5 Rxe5 41. Rxe5 Rxa4 42. Rd5 Ra3+ 43. Ke2 b3 44. cxb3 Rxb3 
45. Rd6 Kg7 46. Kd2 Kh6 47. Kc2 Rb4 48. Kd3 Kh5 49. Re6 h6 50. Re3 Rb3+ 0-1

[Event "Live Chess"]
[Site "Chess.com"]
[Date "2020.04.13"]
[Round "3"]
[White "Dans, Guy"]
[Black "Nadin, Corinne"]
[Result "0-1"]
[WhiteElo "984"]
[BlackElo "1288"]
[WhiteCountry "bel"]
[BlackCountry "bel"]

1. e4 c6 2. d4 d5 3. exd5 cxd5 4. Nf3 Nc6 5. h3 Nf6 6. Bb5 Bd7 7. Nc3 e6 8. 
O-O Bd6 9. Re1 O-O 10. Bg5 h6 11. Bh4 a6 12. Bxc6 bxc6 13. Ne5 Be7 14. Qd3 
Nh5 15. Bxe7 Qxe7 16. a3 Rfd8 17. b4 a5 18. Qf3 Nf6 19. b5 cxb5 20. Nxd7 Qxd7 
21. Qd3 b4 22. axb4 axb4 23. Ne2 Rxa1 24. Rxa1 Rb8 25. Rb1 Ne4 26. f3 Nd6 27. 
c3 b3 28. Rb2 Nc4 29. Rb1 b2 30. Kf2 Na3 31. c4 Nxb1 32. Qxb1 dxc4 33. Ke3 
Qc7 34. Nc3 Rb3 35. Kd2 Qa5 0-1

[Event "Live Chess"]
[Site "Chess.com"]
[Date "2020.04.13"]
[Round "4"]
[White "Nadin, Corinne"]
[Black "Dans, Guy"]
[Result "1-0"]
[WhiteElo "1306"]
[BlackElo "968"]
[WhiteCountry "bel"]
[BlackCountry "bel"]

1. d4 d5 2. c4 e6 3. Nf3 c5 4. cxd5 Qxd5 5. Nc3 Qd8 6. b3 Nf6 7. Bb2 cxd4 8. 
Nxd4 Bb4 9. e3 O-O 10. Be2 Nbd7 11. O-O Ne5 12. Rc1 Bd7 13. a3 Bxc3 14. Bxc3 
Rc8 15. Bb2 Qe7 16. Nf3 Nxf3+ 17. Bxf3 Rxc1 18. Qxc1 Rc8 19. Qd2 b6 20. Bxf6 
gxf6 21. b4 Bb5 22. Rc1 Rxc1+ 23. Qxc1 Qe8 24. Qc7 Qc6 25. Bxc6 1-0

[Event "Live Chess"]
[Site "Chess.com"]
[Date "2020.04.13"]
[Round "3"]
[White "Pitz, Luc"]
[Black "Hubert, Rene"]
[Result "1-0"]
[WhiteElo "1270"]
[BlackElo "1234"]
[WhiteCountry "bel"]
[BlackCountry "bel"]

1. e4 c6 2. d4 d5 3. e5 Bf5 4. Bd3 Bxd3 5. Qxd3 e6 6. Nf3 Ne7 7. Bg5 Qa5+ 8. 
c3 Ng6 9. O-O Be7 10. Bd2 Qb6 11. b3 O-O 12. c4 Qc7 13. c5 b6 14. b4 a5 15. 
g3 bxc5 16. bxc5 f6 17. Re1 fxe5 18. Nxe5 Nxe5 19. Rxe5 Qd7 20. Qe2 Rf6 21. 
Nc3 Na6 22. Re1 Nc7 23. Na4 Raf8 24. Nb6 Qd8 25. Be3 Nb5 26. Qd2 Rf5 27. Rxe6 
Bg5 28. f4 Bf6 29. Bf2 g5 30. Be3 gxf4 31. Bxf4 Bxd4+ 32. Be3 Bc3 33. Qe2 Bxe1 
34. Qxe1 d4 35. Rxc6 dxe3 36. Rc8 Rf1+ 37. Qxf1 Rxf1+ 38. Kxf1 Qxc8 39. Nxc8 
Nc3 40. c6 Nd5 41. Ke2 Kf7 42. h3 Nc3+ 43. Kxe3 Nxa2 44. c7 Ke6 45. Na7 Nc3 
46. c8=Q+ Kd5 47. Qxc3 1-0

[Event "Live Chess"]
[Site "Chess.com"]
[Date "2020.04.13"]
[Round "4"]
[White "Hubert, Rene"]
[Black "Pitz, Luc"]
[Result "1-0"]
[WhiteElo "1267"]
[BlackElo "1216"]
[WhiteCountry "bel"]
[BlackCountry "bel"]

1. e4 c5 2. c3 d5 3. exd5 Qxd5 4. d4 cxd4 5. cxd4 e5 6. Nf3 Bg4 7. Be2 Nc6 
8. dxe5 O-O-O 9. Qxd5 Rxd5 10. Bf4 Bb4+ 11. Nc3 Nge7 12. O-O Bxc3 13. bxc3 
Ng6 14. g3 Ncxe5 15. Bxe5 Bxf3 16. Bxf3 Rxe5 17. c4 Rc5 18. Bd5 Ne5 19. Rac1 
f6 20. Rfd1 Kc7 21. f4 Ng4 22. Be6 Ne3 23. Rd7+ Kb6 24. Rxg7 Rd8 25. Kf2 Nd1+ 
26. Ke2 Nb2 27. Rb1 Rd6 28. Rxb2+ Ka5 29. f5 Re5+ 30. Kf3 Rd3+ 31. Kg4 Re4+ 
32. Kh3 h5 33. Rgxb7 Rh4+ 34. Kg2 1-0

[Event "Live Chess"]
[Site "Chess.com"]
[Date "2020.04.14"]
[Round "5"]
[White "Pitz, Luc"]
[Black "Marchal, Georges"]
[Result "0-1"]
[WhiteElo "1170"]
[BlackElo "1229"]
[WhiteCountry "bel"]
[BlackCountry "bel"]

1. e4 e5 2. f4 d5 3. exd5 e4 4. d3 Qxd5 5. Qe2 Nf6 6. Nc3 Bb4 7. Bd2 Bxc3 8. 
Bxc3 Bg4 9. Qe3 Nbd7 10. h3 Be6 11. O-O-O Qxa2 12. dxe4 Qa1+ 13. Kd2 Qa4 14. 
Bd3 O-O-O 15. b3 Qc6 16. Qxa7 Nb6 17. Bxf6 gxf6 18. Kc1 Bxb3 0-1

[Event "Live Chess"]
[Site "Chess.com"]
[Date "2020.04.14"]
[Round "6"]
[White "Marchal, Georges"]
[Black "Pitz, Luc"]
[Result "1/2-1/2"]
[WhiteElo "1224"]
[BlackElo "1176"]
[WhiteCountry "bel"]
[BlackCountry "bel"]

1. e4 c5 2. d4 cxd4 3. Nf3 Nc6 4. c3 d5 5. e5 Bg4 6. Bb5 Qb6 7. Bxc6+ Qxc6 
8. Qxd4 Bxf3 9. gxf3 e6 10. Bg5 Ne7 11. Nd2 Nf5 12. Qd3 Rc8 13. Nb3 b6 14. 
Nd4 Nxd4 15. Qxd4 Bc5 16. Qd2 b5 17. Be3 O-O 18. Rg1 Bxe3 19. fxe3 Qc5 20. 
Qd4 a6 21. Rc1 Rc6 22. b4 Qxd4 23. exd4 Rfc8 24. Kd2 g6 25. f4 Kg7 26. Rg3 
f6 27. h4 fxe5 28. fxe5 Rf8 29. a3 Rf2+ 30. Ke3 Ra2 31. h5 Rxa3 32. Kd3 Kf7 
33. Rf3+ Kg7 34. hxg6 hxg6 35. Rf6 g5 36. Rc2 Rb3 37. Kd2 Ra3 38. Kd3 Rb3 39. 
Kd2 1/2-1/2

[Event "Live Chess"]
[Site "Chess.com"]
[Date "2020.04.15"]
[Round "5"]
[White "Sauvage, Eric"]
[Black "Dans, Guy"]
[Result "1-0"]
[WhiteElo "1427"]
[BlackElo "960"]
[WhiteCountry "bel"]
[BlackCountry "bel"]

1. e4 c5 2. Nf3 d5 3. exd5 Qxd5 4. Nc3 Qd8 5. Bc4 e6 6. O-O Bd6 7. d4 Nf6 8. 
dxc5 Bxc5 9. Qxd8+ Kxd8 10. Bf4 Nbd7 11. Rad1 Ke7 12. Nb5 a5 13. Bd6+ Bxd6 
14. Nxd6 b6 15. Ng5 Rf8 16. f4 h6 17. Nf3 Ng4 18. Rfe1 Rb8 19. Bb5 Bb7 20. 
Nxf7 Rxf7 21. Rxd7+ Kf8 22. Rxf7+ Kxf7 23. Ne5+ Nxe5 24. Rxe5 Rd8 25. g3 Rd2 
26. Re2 Rxe2 27. Bxe2 Ke7 28. Kf2 Kd6 29. Ke3 Kc5 30. Bf3 Bxf3 31. Kxf3 Kd4 
32. Ke2 Ke4 33. c3 g5 34. fxg5 hxg5 35. h4 gxh4 36. gxh4 Kf5 37. Ke3 Kg4 38. 
Ke4 Kxh4 39. Ke5 Kg4 40. Kxe6 Kf4 41. Kd6 Ke4 42. Kc6 Kd3 43. Kxb6 a4 44. Kb5 
Kc2 45. Kxa4 Kxb2 46. c4 Kxa2 47. c5 1-0

[Event "Live Chess"]
[Site "Chess.com"]
[Date "2020.04.15"]
[Round "6"]
[White "Dans, Guy"]
[Black "Sauvage, Eric"]
[Result "0-1"]
[WhiteElo "953"]
[BlackElo "1436"]
[WhiteCountry "bel"]
[BlackCountry "bel"]

1. e4 e6 2. d4 d5 3. e5 c5 4. c3 b6 5. Nf3 Qd7 6. Be2 Bb7 7. O-O Ba6 8. Be3 
Bxe2 9. Qxe2 c4 10. Na3 Ne7 11. Nc2 Nf5 12. a3 Nc6 13. Rab1 b5 14. b3 cxb3 
15. Rxb3 a6 16. Bd2 Be7 17. h3 Na5 18. Rbb1 Nc4 19. Bc1 O-O 20. Ng5 h6 21. 
Nf3 Bd8 22. g4 Ne7 23. g5 Nf5 24. gxh6 gxh6 25. Nh2 Kh7 26. Qh5 Rg8+ 27. Kh1 
Bg5 28. Bxg5 Rxg5 29. Qf3 Nd2 30. Qe2 Nxb1 31. Rxb1 h5 32. Nf3 Rg6 33. Ne3 
Nxe3 34. Qxe3 Qe7 35. Rg1 Rag8 36. Rxg6 Rxg6 37. Nh4 Qxh4 0-1

[Event "Live Chess"]
[Site "Chess.com"]
[Date "2020.04.15"]
[Round "5"]
[White "Szigetvari, Andre"]
[Black "Nadin, Corinne"]
[Result "1/2-1/2"]
[WhiteElo "1230"]
[BlackElo "1296"]
[WhiteCountry "bel"]
[BlackCountry "bel"]

1. e4 c6 2. d4 d5 3. exd5 cxd5 4. Bd3 Nc6 5. c3 Nf6 6. Bf4 Bg4 7. Nf3 Ne4 8. 
Nbd2 Nxd2 9. Qxd2 e6 10. Ne5 Nxe5 11. Bxe5 a6 12. O-O f6 13. Bg3 Bd6 14. Rfe1 
Bxg3 15. hxg3 O-O 16. Qc2 f5 17. f3 Bh5 18. Rxe6 Qg5 19. Kf2 Bf7 20. Re5 g6 
21. Rae1 Rae8 22. Qc1 Qd8 23. f4 Qa5 24. Bb1 b5 25. a3 Rc8 26. Ba2 b4 27. c4 
bxa3 28. bxa3 Qd8 29. c5 Re8 30. Qe3 Kf8 31. Rxe8+ Bxe8 32. Qe5 Bf7 33. Qh8+ 
Bg8 34. Qe5 Rb8 35. Re2 Bf7 36. Qh8+ Bg8 37. Qe5 Bf7 38. Qh8+ Bg8 39. Qe5 1/2-1/2

[Event "Live Chess"]
[Site "Chess.com"]
[Date "2020.04.15"]
[Round "6"]
[White "Nadin, Corinne"]
[Black "Szigetvari, Andre"]
[Result "0-1"]
[WhiteElo "1247"]
[BlackElo "1292"]
[WhiteCountry "bel"]
[BlackCountry "bel"]

1. d4 d5 2. c4 c6 3. Nf3 Nf6 4. b3 Bf5 5. Bb2 e6 6. e3 Bd6 7. Bd3 Bxd3 8. Qxd3 
Nbd7 9. O-O O-O 10. c5 Bc7 11. Nc3 e5 12. Rfe1 e4 13. Qe2 exf3 14. Qxf3 Re8 
15. b4 a6 16. a4 Ne4 17. Qd1 Ndf6 18. f3 Nxc3 19. Bxc3 Qd7 20. Qb3 Qf5 21. 
b5 axb5 22. axb5 Rxa1 23. Bxa1 h5 24. bxc6 bxc6 25. Qb7 Qd7 26. Qb1 h4 27. 
h3 Re7 28. Qa2 Qe8 29. Qa6 Rxe3 30. Rxe3 Qxe3+ 31. Kf1 Nh5 32. Qc8+ Kh7 33. 
Qf5+ Kh6 0-1

[Event "Live Chess"]
[Site "Chess.com"]
[Date "2020.04.15"]
[Round "5"]
[White "Morgenthal, Renaud"]
[Black "Hubert, Rene"]
[Result "1-0"]
[WhiteElo "1142"]
[BlackElo "1225"]
[WhiteCountry "bel"]
[BlackCountry "bel"]

1. e4 c6 2. d4 d5 3. exd5 cxd5 4. c4 Nf6 5. c5 e5 6. Qe2 e4 7. b4 Nc6 8. Qb5 
a6 9. Qa4 Bd7 10. Qd1 Nxb4 11. Bd2 Nc6 12. Ne2 Be7 13. Nbc3 Nb4 14. Nf4 g5 
15. Nh3 Bg4 16. Qb3 Nc6 17. Be3 Na5 18. Qa4+ Bd7 19. Qa3 g4 20. Nf4 Bc6 21. 
Rb1 Rb8 22. Rb6 Nc4 23. Bxc4 dxc4 24. O-O Qd7 25. Rd1 Bd8 26. Rb2 Nd5 27. Nxe4 
Qf5 28. Nd6+ 1-0

[Event "Live Chess"]
[Site "Chess.com"]
[Date "2020.04.15"]
[Round "6"]
[White "Hubert, Rene"]
[Black "Morgenthal, Renaud"]
[Result "0-1"]
[WhiteElo "1192"]
[BlackElo "1197"]
[WhiteCountry "bel"]
[BlackCountry "bel"]

1. e4 e6 2. d3 d5 3. Nd2 Nf6 4. g3 g6 5. Bg2 Bg7 6. Ngf3 c6 7. O-O O-O 8. Re1 
dxe4 9. dxe4 Qb6 10. Nc4 Qc7 11. Bf4 Qd8 12. Qe2 Re8 13. Rad1 Nbd7 14. Nd6 
Rf8 15. Ne5 Nh5 16. Qg4 Nxf4 17. Nxd7 Nxg2 18. Nxf8 Nxe1 19. Nxf7 Qe7 20. Rd8 
Bxf8 21. Rd1 Qxf7 22. Rxe1 Bc5 23. Qe2 e5 24. b3 Be6 25. c4 Rf8 0-1

[Event "Live Chess"]
[Site "Chess.com"]
[Date "2020.04.17"]
[Round "7"]
[White "Hubert, Rene"]
[Black "Dans, Guy"]
[Result "1-0"]
[WhiteElo "1203"]
[BlackElo "935"]
[WhiteCountry "bel"]
[BlackCountry "bel"]

1. e4 c5 2. c3 d5 3. exd5 Qxd5 4. d4 cxd4 5. cxd4 Nc6 6. Nf3 Bg4 7. Be2 Bxf3 
8. Bxf3 Qxd4 9. Bxc6+ { oops la boulette } bxc6 10. Qxd4 e6 11. O-O Nf6 12. 
Bg5 Be7 13. Bxf6 Bxf6 14. Qd2 O-O 15. Nc3 Rad8 16. Qc2 Rd4 17. Rad1 Rfd8 18. 
Rxd4 Bxd4 19. Rd1 e5 20. Ne2 c5 21. Nxd4 cxd4 22. Qc7 Re8 23. f3 h6 24. Qxa7 
Kh7 25. a4 f5 26. a5 Rd8 27. Qb7 Kg6 28. a6 1-0

[Event "Live Chess"]
[Site "Chess.com"]
[Date "2020.04.17"]
[Round "8"]
[White "Dans, Guy"]
[Black "Hubert, Rene"]
[Result "1-0"]
[WhiteElo "1000"]
[BlackElo "1162"]
[WhiteCountry "bel"]
[BlackCountry "bel"]

{ beau retournement de situation } 1. e4 c6 2. Nf3 d5 3. exd5 cxd5 4. d4 Nf6 
5. Be2 e6 6. O-O a6 7. c4 b6 8. Bg5 Nbd7 9. Nc3 Be7 10. Qa4 O-O 11. cxd5 Nxd5 
12. Bxe7 Qxe7 13. Rfe1 Bb7 14. Rad1 Rac8 15. Nxd5 Bxd5 16. Qxa6 Ra8 17. Qd3 
Rxa2 18. Qc3 Raa8 19. Ne5 Nxe5 20. dxe5 Rfc8 21. Qd4 Qb7 22. Rc1 Bxg2 23. Qg4 
Be4 24. Bf1 Bf5 25. Qg3 Rxc1 26. Rxc1 Rc8 27. Re1 h6 28. Bh3 Bg6 29. Bxe6 Rc2 
30. Bh3 Be4 31. e6 Kf8 32. exf7 Rxb2 33. Qe5 Qe7 34. Qxb2 Qh4 35. Qb4+ Kxf7 
36. Qxe4 Qxh3 37. Qe7+ Kg6 38. Qe8+ Kh7 39. Qe4+ Kh8 40. Re3 Qh5 41. Rf3 Qg5+ 
42. Rg3 Qc1+ 43. Kg2 Qc8 44. Qg6 Qb7+ 45. Kg1 Qc7 46. Qe4 Qc1+ 47. Kg2 Qc7 
48. Qd4 Qb7+ 49. Kg1 Qc7 50. Rf3 Qc1+ 51. Kg2 Qg5+ 52. Rg3 Qe7 53. Qxb6 Qf7 
54. Rf3 Qh5 55. Rf8+ Kh7 56. Qb1+ Qg6+ 57. Qxg6+ Kxg6 58. Rf3 Kh5 59. Re3 g5 
60. Kg3 Kg6 61. Kg4 h5+ 62. Kg3 Kf5 63. Rf3+ Kg6 64. h4 g4 65. Rc3 Kf5 66. 
Rc5+ Kg6 67. Kf4 Kh6 68. Rc6+ Kg7 69. Kg5 Kh7 70. Kxh5 1-0

[Event "Live Chess"]
[Site "Chess.com"]
[Date "2020.04.17"]
[Round "7"]
[White "Pitz, Luc"]
[Black "Morgenthal, Renaud"]
[Result "1-0"]
[WhiteElo "1213"]
[BlackElo "1155"]
[WhiteCountry "bel"]
[BlackCountry "bel"]

1. e4 e6 2. d4 d5 3. Nc3 Bb4 4. exd5 exd5 5. Bd3 Nf6 6. Ne2 O-O 7. O-O c6 8. 
Bg5 Nbd7 9. a3 Bd6 10. Qd2 Bxh2+ 11. Kxh2 Ne4 { et une boulette } 12. Bxe4 
dxe4 13. Bxd8 1-0

[Event "Live Chess"]
[Site "Chess.com"]
[Date "2020.04.17"]
[Round "8"]
[White "Morgenthal, Renaud"]
[Black "Pitz, Luc"]
[Result "0-1"]
[WhiteElo "1124"]
[BlackElo "1240"]
[WhiteCountry "bel"]
[BlackCountry "bel"]

1. e4 c5 2. d4 cxd4 3. c3 d3 4. Bxd3 Nc6 5. c4 d6 6. Nc3 g6 7. Nf3 Bg7 8. O-O 
Nb4 9. Bb1 Be6 10. b3 Nf6 11. Ba3 Nc6 12. Qc2 Ng4 13. Re1 Nge5 14. Bb2 Nxf3+ 
15. gxf3 Ne5 16. Qe2 O-O 17. Bc2 Bh3 18. Rad1 e6 19. Nb5 Qg5+ 0-1

[Event "Live Chess"]
[Site "Chess.com"]
[Date "2020.04.17"]
[Round "7"]
[White "Szigetvari, Andre"]
[Black "Sauvage, Eric"]
[Result "0-1"]
[WhiteElo "1262"]
[BlackElo "1467"]
[WhiteCountry "bel"]
[BlackCountry "bel"]

1. e4 c5 2. Nf3 d6 3. d4 cxd4 4. Nxd4 Nf6 5. Nc3 g6 6. f4 a6 7. Be2 Bg7 8. 
Be3 O-O 9. O-O Nc6 10. h3 Bd7 11. Qd2 Rc8 12. a3 b5 13. Nxc6 Bxc6 14. Bf3 Qc7 
15. Qf2 Qb7 16. e5 dxe5 17. fxe5 Nd7 18. Bxc6 Qxc6 19. Bd4 Nxe5 20. Rac1 Nc4 
21. Bxg7 Kxg7 22. Nd1 Qc5 23. c3 Rfd8 24. Qxc5 Rxc5 25. Rf2 Rcd5 0-1